Bezočivé klamstvá, podceňovanie občanov v čom spočíva taktika opozície

Bibliographic Details
Main Author: Žvach, Igor (Author)
Format: Article
Language:Slovak
Subjects:

MARC

LEADER 00000nab a2200000 a 4500
001 vtls000666252
003 SK-MaSNL
005 20260302183710.0
008 180206c1998 xo 0 slo
015 |a SNBRB1998/09-25469 
035 |a CLN000018436 
040 |a SNKBUCL  |b slo  |c SNKBUCL  |e AACR2 
041 0 |a slo 
044 |a xo  |c SK 
080 |a 329.052(437.6):329.8:324(437.6)  |2 UDC-MRF-SK2 
100 1 |a Žvach, Igor  |4 aut  |9 270648 
245 1 0 |a Bezočivé klamstvá, podceňovanie občanov  |b v čom spočíva taktika opozície  |c Igor Žvach 
650 0 7 |a voľby parlamentné  |z Slovensko  |y 1998  |x strany politické opozičné  |x taktika predvolebná  |2 snkbucl  |9 897733 
650 0 7 |a strany politické opozičné  |z Slovensko  |2 snkbucl  |9 843773 
655 7 |a články z novín a časopisov  |2 snkbucl  |9 267496 
773 0 |t Slovenská republika  |g Roč. 6, č. 209 (10.9.1998) 
773 0 |t [Príl.] Slovensko do toho!  |g Roč. 4, č. 36 (1998), s. I 
850 |a Slovenská národná knižnica v Martine 
852 |a SNK  |b KIS3GCP 
958 |a RBX 
999 |c 1422621  |d 1424551